Statistics for AFK Arena Characters

Click here to take the quiz!

General Stats

  • This quiz has been taken 30 times
    (19 since last reset)
  • The average score is 47 of 104

Answer Stats

HintAnswer% Correct
Wu-Kong
88%
Daimon
75%
Flora
75%
Shemira
75%
Talene
75%
Arthur
63%
Athalia
63%
GravebornBaden
63%
Belinda
63%
Eironn
63%
Gwyneth
63%
Isabella
63%
Lucius
63%
Lucretia
63%
Mirael
63%
Nemora
63%
Rosaline
63%
Rowan
63%
Safiya
63%
Silas
63%
Thane
63%
Thoran
63%
DimensionalsAinz
50%
Albedo
50%
Antandra
50%
Brutus
50%
Desira
50%
Elijah & Lailah
50%
Eluard
50%
Ezio
50%
HypogeansEzizh
50%
Fawkes
50%
Ferael
50%
Gorvo
50%
Grezhul
50%
Hendrik
50%
Hogan
50%
Izold
50%
Lyca
50%
Mehira
50%
Mezoth
50%
Mortas
50%
Morvus
50%
Nakoruru
50%
Nara
50%
Numisu
50%
Oden
50%
Orthros
50%
Oscar
50%
Peggy
50%
Pippa
50%
Rigby
50%
Satrana
50%
Saurus
50%
Skreg
50%
Solise
50%
Ukyo
50%
Ulmus
50%
Zolrath
50%
CelestialsAlna
38%
LightbearersAngelo
38%
MaulersAnkhira
38%
Cecilia
38%
Dreaf
38%
Estrilda
38%
Joker
38%
Kaz
38%
Kelthur
38%
Khasos
38%
Khazard
38%
Kren
38%
Morael
38%
Niru
38%
Ogi
38%
Prince
38%
Queen
38%
Raku
38%
Respen
38%
Saveas
38%
Skriath
38%
Tasi
38%
Tidus
38%
Torne
38%
Vurk
38%
Warek
38%
Zaphrael
38%
Anoki
25%
WildersArden
25%
Drez
25%
Golus
25%
Ira
25%
Lorsan
25%
Raine
25%
Seirus
25%
Sezis
25%
Silvina
25%
Theowyn
25%
Arkadios
13%
Bloodsnarl
13%
Eletha
13%
Merek
13%
Steixius
13%
Ulric
13%
Vedan
13%

Score Distribution

Percentile by Number Answered

Percent of People with Each Score

Your Score History

You have not taken this quiz since the last reset